000 00567nam a22002297a 4500
001 72403
003 UA-OsUOA
005 20211024215742.0
007 ta
008 20110117b un ||||| |||| 00| 0 ukr d
020 _a978-5-9533-3477-8
040 _aUA-OsUOA
_brus
_cUA-OsUOA
_dUA-OsUOA
041 _arus
080 _a94(470+571)
090 _a94(470+571)
_bР89
245 _aРусская Африка
_cНиколаев Н. Н.
260 _aМ.
_bВече
_c2009
300 _a400 с.
650 7 _a94 Історія
_2UDC
942 _cBK
_2udc
955 _a2
999 _c358685
_d358685